[Event "16th Russian Club Cup, HL"]
[Site "Sochi RUS"]
[Date "2009.04.02"]
[Round "1.28"]
[White "Iljin, Artem"]
[Black "Kozlov, Gennady"]
[Result "1/2-1/2"]
[WhiteElo "2572"]
[BlackElo "2265"]
[Annotator ""]
[Source ""]
[Remark ""]

1.Nf3 Nf6 2.c4 e6 3.Nc3 d5 4.d4 Bb4 5.e3 O-O 6.Bd3 c5 7.O-O Nc6
8.a3 Bxc3 9.bxc3 Re8 10.Bb2 Qd6 11.a4 b6 12.cxd5 exd5 13.c4 cxd4
14.cxd5 Qxd5 15.Nxd4 Ne5 16.Bb5 Bb7 17.f3 Red8 18.Qe1 Ng6 19.Qf2
a6 20.Be2 Qg5 21.Rfe1 Re8 22.Bf1 h5 23.e4 Rad8 24.Rad1 Qa5 25.Qc2
Rc8 26.Qf2 Qxa4 27.Nf5 Re6 28.Nd6 Rc2 29.Qxb6 Qc6 30.Qxc6 Bxc6
31.Re2 Rc5 32.Red2 Ne8 33.Bd4 Ra5 34.Bb6 Ra4 35.Rc2 Bd7 36.Nxf7
Rxb6 37.Rxd7 Nf6 38.Ra7 Ra1 39.Kf2 Nxe4+ 40.fxe4 Rf6+ 41.Ke3
Raxf1 42.Ng5 Re1+ 43.Re2 Rxe2+ 44.Kxe2 Nf4+ 45.Kd2 Ne6 46.e5
Rf2+ 47.Ke3 Rf5 48.Nf3 Ng5 49.Rxa6 1/2-1/2

[Event "16th Russian Club Cup, HL"]
[Site "Sochi RUS"]
[Date "2009.04.02"]
[Round "1.29"]
[White "Oparin, Grigoriy"]
[Black "Ovetchkin, Roman"]
[Result "0-1"]
[WhiteElo "2257"]
[BlackElo "2549"]
[Annotator ""]
[Source ""]
[Remark ""]

1.e4 c6 2.d4 d5 3.e5 Bf5 4.Nd2 e6 5.Nb3 Nd7 6.Nf3 Ne7 7.Be2 Nc8
8.a4 Be7 9.O-O O-O 10.Be3 a6 11.Nfd2 f6 12.f4 fxe5 13.fxe5 Bg5
14.Bf2 Ne7 15.Nf3 Ng6 16.Nxg5 Qxg5 17.Bf3 Bxc2 18.Qxc2 Rxf3 19.Kh1
Qf5 20.Qxf5 Rxf5 21.Bg3 Rxf1+ 22.Rxf1 b6 23.Rc1 Rc8 24.a5 bxa5
25.h3 a4 26.Nc5 Nxc5 27.Rxc5 Ne7 28.Ra5 Rb8 29.Rxa6 Rxb2 30.Ra8+
Kf7 31.Ra7 g5 32.Kh2 Re2 33.h4 a3 34.hxg5 a2 35.g6+ Kxg6 36.Bh4
Nf5 37.Bf6 Nxd4 38.Kh3 Kf5 0-1

[Event "16th Russian Club Cup, HL"]
[Site "Sochi RUS"]
[Date "2009.04.02"]
[Round "1.30"]
[White "Vokarev, Sergey"]
[Black "Antipov, Mikhail Al."]
[Result "1-0"]
[WhiteElo "2521"]
[BlackElo "2208"]
[Annotator ""]
[Source ""]
[Remark ""]

1.Nf3 d5 2.g3 Nf6 3.Bg2 c6 4.O-O Bg4 5.d3 Nbd7 6.c4 dxc4 7.dxc4
e5 8.Nc3 h6 9.Qc2 Be6 10.Rd1 Qc7 11.b3 Be7 12.Bb2 O-O 13.e3 Rac8
14.Rac1 Qb8 15.Ne4 Nxe4 16.Qxe4 f6 17.Nh4 f5 18.Qc2 Kh7 19.Nxf5
Bxf5 20.Be4 Bxe4 21.Qxe4+ Kh8 22.Rxd7 Bf6 23.Rcd1 Rce8 24.Ba3
Rg8 25.Bd6 Qa8 26.h4 a6 27.Bc7 Qc8 28.Bb6 Qb8 29.R1d6 Ref8 30.Kg2
Qa8 31.Qg6 a5 32.g4 e4 33.g5 Qc8 1-0

[Event "16th Russian Club Cup, HL"]
[Site "Sochi RUS"]
[Date "2009.04.03"]
[Round "2.2"]
[White "Maletin, Pavel"]
[Black "Khairullin, Ildar"]
[Result "1/2-1/2"]
[WhiteElo "2559"]
[BlackElo "2606"]
[Annotator ""]
[Source ""]
[Remark ""]

1.Nf3 d5 2.g3 g6 3.Bg2 Bg7 4.d4 Nf6 5.c4 dxc4 6.Qa4+ Nbd7 7.O-O
O-O 8.Qxc4 Nb6 9.Qb3 Be6 10.Qd1 Qc8 11.Bf4 c5 12.Nbd2 cxd4 13.Rc1
Qe8 14.Nxd4 Bd5 15.N2f3 Rd8 16.Bc7 Bxf3 17.Bxf3 Rd7 18.Bxb6 axb6
19.Qa4 1/2-1/2

[Event "16th Russian Club Cup, HL"]
[Site "Sochi RUS"]
[Date "2009.04.03"]
[Round "2.3"]
[White "Dyachkov, Sergej"]
[Black "Kryakvin, Dmitry"]
[Result "1-0"]
[WhiteElo "2568"]
[BlackElo "2583"]
[Annotator ""]
[Source ""]
[Remark ""]

1.d4 d5 2.c4 c6 3.Nf3 Nf6 4.Nc3 e6 5.e3 Nbd7 6.Bd3 dxc4 7.Bxc4
b5 8.Bd3 Bb7 9.e4 b4 10.Na4 c5 11.e5 Nd5 12.O-O cxd4 13.Re1 g6
14.Bd2 Rc8 15.Rc1 Rxc1 16.Qxc1 Qa5 17.Qc2 Bg7 18.a3 Ba6 19.Bxa6
Qxa6 20.Nc5 Qc8 21.axb4 O-O 22.Qc4 d3 23.Re4 Rd8 24.Nxd3 Qb7
25.Re1 Rc8 26.Qd4 Qa6 27.Nc5 Nxc5 28.bxc5 Qb5 29.b4 Rb8 30.Re4
Bf8 31.Qc4 Qa4 32.h4 h6 33.Kh2 Rc8 34.Qd3 Rb8 35.Rg4 Nxb4 36.Rxb4
Rxb4 37.Bxb4 Qxb4 38.c6 Qf4+ 39.Kh3 Qc1 40.Qd7 g5 41.hxg5 hxg5
42.c7 Qf4 43.Nxg5 Qxg5 44.c8Q Qh5+ 45.Kg3 Qxe5+ 46.Kf3 Qf5+ 47.Ke2
Qe4+ 48.Kd1 Qg4+ 49.f3 Qxg2 50.Qd3 Qg1+ 51.Kc2 Qf2+ 52.Qd2 Qxf3
53.Qg5+ Kh7 54.Qxf8 Qe4+ 55.Kc3 Qf3+ 56.Kb4 Qb7+ 57.Kc4 Qa6+
58.Qb5 Qa2+ 59.Kd3 1-0

[Event "16th Russian Club Cup, HL"]
[Site "Sochi RUS"]
[Date "2009.04.03"]
[Round "2.4"]
[White "Iljin, Artem"]
[Black "Iljushin, Alexei"]
[Result "1/2-1/2"]
[WhiteElo "2572"]
[BlackElo "2557"]
[Annotator ""]
[Source ""]
[Remark ""]

1.d4 d5 2.Nf3 Nf6 3.c4 c6 4.e3 Bf5 5.Nc3 e6 6.Nh4 Bg6 7.Be2 Nbd7
8.g3 Bd6 9.O-O Qe7 10.Qb3 Rb8 11.Nxg6 hxg6 12.Bf3 dxc4 13.Qxc4
e5 14.Bg2 O-O 15.Bd2 Rfe8 16.Qb3 Nb6 17.d5 Nfxd5 18.Bxd5 Nxd5
19.Nxd5 cxd5 20.Qxd5 Bb4 21.Rfd1 1/2-1/2

[Event "16th Russian Club Cup, HL"]
[Site "Sochi RUS"]
[Date "2009.04.03"]
[Round "2.5"]
[White "Shaposhnikov, Evgeny"]
[Black "Ovetchkin, Roman"]
[Result "1/2-1/2"]
[WhiteElo "2549"]
[BlackElo "2549"]
[Annotator ""]
[Source ""]
[Remark ""]

1.e4 c6 2.d4 d5 3.Nd2 dxe4 4.Nxe4 Bf5 5.Ng3 Bg6 6.h4 h6 7.Nf3
Nd7 8.h5 Bh7 9.Bd3 Bxd3 10.Qxd3 e6 11.Bf4 Qa5+ 12.Bd2 Bb4 13.c3
Be7 14.c4 Qc7 15.O-O-O Ngf6 16.Kb1 O-O 17.Qc2 a5 18.Rh4 Rfd8
19.Ne2 b5 20.g4 Nh7 21.Rh3 bxc4 22.Rg1 Rab8 23.g5 hxg5 24.Nxg5
Nxg5 25.Bxg5 Bxg5 26.Rxg5 Rb5 27.Rhg3 1/2-1/2

[Event "16th Russian Club Cup, HL"]
[Site "Sochi RUS"]
[Date "2009.04.03"]
[Round "2.6"]
[White "Vokarev, Sergey"]
[Black "Evdokimov, Alexander A."]
[Result "1/2-1/2"]
[WhiteElo "2521"]
[BlackElo "2546"]
[Annotator ""]
[Source ""]
[Remark ""]

1.e4 c5 2.Nf3 Nc6 3.d4 cxd4 4.Nxd4 Nf6 5.Nc3 d6 6.Bg5 e6 7.Qd2
Be7 8.O-O-O O-O 9.f4 h6 10.Bh4 e5 11.Nf5 Bxf5 12.exf5 Qa5 13.Bc4
Nd4 14.Bxf6 Bxf6 15.Ne4 Qxd2+ 16.Rxd2 Nxf5 17.g4 Ne3 18.Bb3 Bh4
19.fxe5 dxe5 20.Rd7 Rad8 21.Rxb7 Rd4 22.Nc5 Nxg4 23.Rxa7 Nf2
24.Rg1 e4 25.Ne6 Bg5+ 26.Nxg5 hxg5 27.c3 Rd6 28.Re7 g4 29.Rf1
Rf6 30.Kd2 Rd8+ 31.Ke2 Kf8 32.Rxf7+ Rxf7 33.Bxf7 Kxf7 34.Rxf2+
Ke6 35.Rf4 Rh8 36.Rxe4+ Kf5 37.Rb4 Rxh2+ 38.Kf1 Kg5 39.a4 Kh4
40.a5 Kh3 41.Rb7 g3 42.Rxg7 Rxb2 43.Rh7+ Kg4 44.a6 Ra2 45.a7
Kf3 46.Rf7+ Ke4 47.c4 Kd4 48.Rc7 Kc3 49.c5 Kc4 50.c6 1/2-1/2

[Event "16th Russian Club Cup, HL"]
[Site "Sochi RUS"]
[Date "2009.04.03"]
[Round "2.7"]
[White "Yevseev, Denis"]
[Black "Dolmatov, Sergey"]
[Result "1/2-1/2"]
[WhiteElo "2529"]
[BlackElo "2557"]
[Annotator ""]
[Source ""]
[Remark ""]

1.Nf3 Nf6 2.c4 g6 3.Nc3 Bg7 4.e4 d6 5.d4 O-O 6.Be2 e5 7.Be3 c6
8.O-O exd4 9.Bxd4 b6 10.Qc2 Bb7 11.Rad1 Nbd7 12.Be3 Qe7 13.Bf4
Ne5 14.c5 Nxf3+ 15.Bxf3 dxc5 16.Bd6 Qe6 17.Bxf8 Rxf8 18.Qd2 Bc8
19.Qd6 Nd7 20.Qxe6 fxe6 21.Rd6 Ne5 22.Be2 g5 23.Nd1 Kf7 24.Ne3
Ke7 25.Rfd1 Bd7 26.b3 Rc8 27.g3 Rc7 28.Kg2 Nf7 1/2-1/2

[Event "16th Russian Club Cup, HL"]
[Site "Sochi RUS"]
[Date "2009.04.03"]
[Round "2.8"]
[White "Arslanov, Shamil"]
[Black "Klimov, Sergey"]
[Result "0-1"]
[WhiteElo "2365"]
[BlackElo "2521"]
[Annotator ""]
[Source ""]
[Remark ""]

1.e4 c5 2.Nf3 d6 3.d4 cxd4 4.Nxd4 Nf6 5.Nc3 a6 6.Be2 e6 7.O-O
Nc6 8.Be3 Be7 9.f4 O-O 10.a4 Qc7 11.Kh1 Re8 12.Qd2 Rb8 13.Rad1
Bd7 14.Qe1 Nb4 15.Qg3 Bc6 16.e5 Ne4 17.Nxe4 Bxe4 18.c3 Nd5 19.Bc1
Bf8 20.f5 dxe5 21.fxe6 fxe6 22.Bg4 exd4 0-1

[Event "16th Russian Club Cup, HL"]
[Site "Sochi RUS"]
[Date "2009.04.03"]
[Round "2.9"]
[White "Lintchevski, Daniil"]
[Black "Kashlinskaya, Alina"]
[Result "1-0"]
[WhiteElo "2485"]
[BlackElo "2344"]
[Annotator ""]
[Source ""]
[Remark ""]

1.e4 c5 2.Nf3 d6 3.d4 cxd4 4.Nxd4 Nf6 5.Nc3 g6 6.Be3 Bg7 7.f3
O-O 8.Qd2 Nc6 9.O-O-O d5 10.exd5 Nxd5 11.Nxc6 bxc6 12.Bd4 Nxc3
13.Qxc3 Bh6+ 14.Be3 Bxe3+ 15.Qxe3 Qb6 16.Qxe7 Be6 17.Qa3 Rad8
18.Bd3 Rd5 19.Rhe1 Ra5 20.Qc3 Rxa2 21.b3 Ra5 22.Kb2 Rc5 23.Qf6
a5 24.Rxe6 fxe6 25.Qxe6+ Rf7 26.Bc4 Rxc4 27.Qxc4 Qc7 28.Re1 Qxh2
29.Re7 Qf4 30.Qxf7+ Qxf7 31.Rxf7 Kxf7 32.Ka3 h5 33.Ka4 h4 34.Kxa5
Ke6 35.c4 Ke5 36.b4 Kf4 37.b5 cxb5 38.cxb5 Kg3 39.b6 Kxg2 40.b7
h3 41.b8Q h2 42.Qb2+ 1-0

[Event "16th Russian Club Cup, HL"]
[Site "Sochi RUS"]
[Date "2009.04.03"]
[Round "2.10"]
[White "Kozlov, Gennady"]
[Black "Matlakov, Maxim"]
[Result "0-1"]
[WhiteElo "2265"]
[BlackElo "2533"]
[Annotator ""]
[Source ""]
[Remark ""]

1.e4 c6 2.d4 d5 3.Nd2 dxe4 4.Nxe4 Bf5 5.Ng3 Bg6 6.h4 h6 7.Nf3
Nd7 8.h5 Bh7 9.Bd3 Bxd3 10.Qxd3 e6 11.Bf4 Qa5+ 12.c3 Ngf6 13.Ne5
Be7 14.Nc4 Qd5 15.Ne3 Qb5 16.Qxb5 cxb5 17.O-O-O Nb6 18.Be5 Nfd5
19.Nxd5 Nxd5 20.Ne4 f6 21.Bd6 Rc8 22.Kb1 Rc6 23.Bxe7 Kxe7 24.Nc5
b6 25.Na6 b4 26.Nxb4 Nxb4 27.cxb4 Rd8 28.Rh4 Rc4 29.a3 e5 30.Rg4
Kf7 31.b3 Rcxd4 32.Rdxd4 exd4 33.Kc2 Rd5 34.Kd3 Rxh5 35.Rxd4
Ke6 36.Rc4 Kd6 37.g3 Rd5+ 38.Ke3 Rd1 39.a4 h5 40.b5 Re1+ 41.Kd3
Rb1 42.Rc6+ Kd7 43.Rc3 Re1 44.Rc4 g5 45.Kd2 Re7 46.b4 Rh7 47.Ke2
h4 48.Kf1 hxg3 49.fxg3 Rh1+ 50.Kf2 Ra1 51.Kf3 f5 52.Rd4+ Ke6
53.a5 bxa5 54.bxa5 Rxa5 55.Rb4 Ke5 56.Rb2 Ra3+ 57.Kf2 Kd4 58.b6
axb6 59.Rxb6 Ra2+ 60.Kf1 Ke4 61.Rb4+ Kf3 62.Rb3+ Kg4 63.Kg1 Kh3
64.Kf1 g4 65.Rb5 Kxg3 66.Rxf5 Ra1+ 67.Ke2 Kg2 68.Rf2+ Kh1 69.Rf7
g3 70.Rh7+ Kg1 71.Rh6 g2 72.Rh5 Ra2+ 73.Ke1 Ra8 74.Rh7 Re8+ 75.Kd2
Re5 76.Kd1 Kf2 0-1

[Event "16th Russian Club Cup, HL"]
[Site "Sochi RUS"]
[Date "2009.04.03"]
[Round "2.11"]
[White "Goganov, Aleksey"]
[Black "Oparin, Grigoriy"]
[Result "1/2-1/2"]
[WhiteElo "2462"]
[BlackElo "2257"]
[Annotator ""]
[Source ""]
[Remark ""]

1.d4 d5 2.c4 e6 3.Nc3 Be7 4.Nf3 Nf6 5.Bg5 O-O 6.e3 h6 7.Bh4 b6
8.Bd3 Bb7 9.O-O Nbd7 10.Bg3 c5 11.Qe2 Ne4 12.cxd5 exd5 13.Rad1
Qc8 14.Rc1 Rd8 15.Rfd1 Ndf6 16.Ne5 Qe6 17.f3 Nxg3 18.hxg3 Nd7
19.Nxd7 Rxd7 20.g4 g6 21.Qf2 Rc8 22.Re1 Bf6 23.Ne2 Rdd8 24.Bb1
Re8 25.Nc3 Kg7 26.Rcd1 Qd6 27.a3 cxd4 28.Nb5 dxe3 29.Nxd6 exf2+
30.Kxf2 Rxe1 31.Rxe1 Bd4+ 32.Kg3 Rd8 33.Nxb7 Rd7 34.b4 Rxb7 35.Rd1
Bb2 36.Rxd5 Bxa3 37.b5 Rc7 38.Be4 Be7 39.Kf2 Bf6 40.Ke2 Kf8 41.Rd6
Ke7 42.Rc6 Rd7 43.Rc8 Bg5 44.Bd3 Bf4 45.Rc4 Bc7 46.f4 Kf6 47.Rc6+
Kg7 48.f5 gxf5 49.gxf5 Be5 50.Ke3 Bf6 51.Be4 Bg5+ 52.Kf3 Re7
53.Rd6 Rc7 54.Bc6 Re7 55.Be4 Bh4 56.Rd4 Bf6 57.Rd5 Bg5 58.Rd3
Rc7 59.Rd6 Be7 60.Rc6 Rd7 61.Rc8 Bf6 62.Rc6 Bg5 63.Rc3 Kf6 64.Rd3
Rxd3+ 65.Bxd3 Ke5 66.g4 f6 67.Bf1 Kd4 68.Be2 Bd2 69.Bf1 Bb4 70.Be2
Bd6 71.Bf1 Bb8 72.Be2 Kc5 73.Ke4 1/2-1/2

[Event "16th Russian Club Cup, HL"]
[Site "Sochi RUS"]
[Date "2009.04.03"]
[Round "2.12"]
[White "Antipov, Mikhail Al."]
[Black "Malakhov, Igor"]
[Result "0-1"]
[WhiteElo "2208"]
[BlackElo "2380"]
[Annotator ""]
[Source ""]
[Remark ""]

1.e4 c5 2.Nf3 e6 3.b3 b6 4.Bb2 Bb7 5.Qe2 d6 6.d4 cxd4 7.Nxd4
Nf6 8.Nd2 Nbd7 9.g3 Rc8 10.c4 e5 11.Nb5 a6 12.Nc3 Be7 13.Bg2
O-O 14.O-O Re8 15.a4 Nc5 16.Bh3 Rb8 17.b4 Ne6 18.Nd5 Nd4 19.Bxd4
exd4 20.Qd3 b5 21.axb5 axb5 22.Bg2 bxc4 23.Qxc4 Nxd5 24.exd5
Qb6 25.Nb3 Bf6 26.b5 Rbc8 27.Qb4 d3 28.Rad1 Ba6 29.Bh3 Rcd8 30.Bf5
Qxb5 31.Qxb5 Bxb5 32.Bxd3 Ba4 33.Rb1 Rc8 34.Nd2 Rc3 35.Bb5 Bxb5
36.Rxb5 h6 37.Rb6 Re2 38.Nb1 Rcc2 39.Na3 Ra2 40.Nc4 Bd4 41.Rb8+
Kh7 42.Kg2 Bxf2 43.Kf3 Bc5 44.Rd8 f5 45.g4 fxg4+ 46.Kg3 Rg2+
47.Kh4 Rxh2+ 48.Kxg4 Rag2+ 49.Kf3 Rg6 50.Rb1 Rf2+ 51.Ke4 Rg4+ 0-1

[Event "16th Russian Club Cup, HL"]
[Site "Sochi RUS"]
[Date "2009.04.03"]
[Round "2.13"]
[White "Lastin, Alexander"]
[Black "Kononenko, Dmitry"]
[Result "1-0"]
[WhiteElo "2650"]
[BlackElo "2569"]
[Annotator ""]
[Source ""]
[Remark ""]

1.e4 c5 2.Nf3 Nc6 3.Nc3 Nf6 4.d4 cxd4 5.Nxd4 Qb6 6.Be3 Qxb2 7.Ndb5
Qb4 8.Bd2 Rb8 9.Rb1 Qa5 10.Nd5 Qa4 11.Nbc7+ Kd8 12.Nc3 Qd4 13.N7b5
Qe5 14.f4 Qe6 15.f5 Qe5 16.Qf3 d6 17.Bd3 a6 18.Bf4 Qc5 19.Na4
Ne5 20.Qd1 Qc6 21.Bxe5 dxe5 22.Rb3 Ne8 23.Na7 Qxa4 24.Bb5+ Qd4
25.Rd3 axb5 26.Rxd4+ exd4 27.Qxd4+ Bd7 28.O-O e5 29.fxe6 fxe6
30.Qb6+ Nc7 31.Rd1 e5 32.Nxb5 Rc8 33.Nd6 Be7 34.Nf7+ Ke8 35.Nxh8
Ne6 36.Qxb7 Nc5 37.Qd5 Be6 38.Qxe5 Bf6 39.Qh5+ 1-0

[Event "16th Russian Club Cup, HL"]
[Site "Sochi RUS"]
[Date "2009.04.03"]
[Round "2.14"]
[White "Chernyshov, Konstantin"]
[Black "Smirnov, Pavel"]
[Result "1/2-1/2"]
[WhiteElo "2540"]
[BlackElo "2575"]
[Annotator ""]
[Source ""]
[Remark ""]

1.e4 c5 2.Nf3 Nc6 3.Nc3 e5 4.Bc4 Be7 5.d3 d6 6.a3 Nf6 7.Bg5 O-O
8.Bxf6 Bxf6 9.Nd5 Rb8 10.c3 Bg5 11.Nxg5 Qxg5 12.O-O b5 13.Ba2
Be6 14.Ne3 Bxa2 15.Rxa2 a5 16.Qb3 Qf6 17.Raa1 Qe6 18.Qa2 Rfd8
19.g3 Qxa2 20.Rxa2 Ne7 21.b4 axb4 22.axb4 cxb4 23.cxb4 d5 1/2-1/2

[Event "16th Russian Club Cup, HL"]
[Site "Sochi RUS"]
[Date "2009.04.03"]
[Round "2.15"]
[White "Chuprov, Dmitry"]
[Black "Belikov, Vladimir"]
[Result "1/2-1/2"]
[WhiteElo "2561"]
[BlackElo "2505"]
[Annotator ""]
[Source ""]
[Remark ""]

1.e4 e5 2.Nf3 Nf6 3.Nxe5 d6 4.Nc4 Nxe4 5.Nc3 Nxc3 6.bxc3 Nd7
7.Be2 d5 8.Ne3 Nb6 9.O-O Bd6 10.d4 O-O 11.Bf3 Re8 12.Qd3 Bf4
13.Rb1 c6 14.a4 Bxe3 15.fxe3 f5 16.g4 g6 17.Bg2 Qe7 18.Rf4 Nc4
19.gxf5 gxf5 20.Kf2 Kh8 21.Bd2 Rg8 22.Bf3 Qg5 23.Rh1 a5 24.Bc1
Be6 25.Qf1 b5 26.Qh3 Qg6 27.Be2 Rg7 28.Rf1 Rag8 29.Ke1 Rb8 30.Qh4
Nd6 31.R4f3 Ne4 32.Qf4 Qe8 33.Qe5 Bd7 34.axb5 Qxe5 35.dxe5 cxb5
36.Ba3 Be6 37.Bd3 b4 38.cxb4 axb4 39.Bb2 b3 40.Bxe4 dxe4 41.R3f2
Rc7 42.cxb3 Rxb3 43.Re2 Rcb7 44.Rff2 Kg8 45.Rg2+ Kf7 46.Bd4 Rd3
47.Rb2 Rxb2 48.Rxb2 f4 49.Rd2 f3 50.Rxd3 exd3 51.e4 Bh3 52.Bc3
Ke6 53.Kf2 Bg2 54.Ke3 h5 55.Be1 Kxe5 56.Bg3+ 1/2-1/2

[Event "16th Russian Club Cup, HL"]
[Site "Sochi RUS"]
[Date "2009.04.03"]
[Round "2.16"]
[White "Krylov, Mikhail"]
[Black "Pridorozhni, Aleksei"]
[Result "0-1"]
[WhiteElo "2482"]
[BlackElo "2528"]
[Annotator ""]
[Source ""]
[Remark ""]

1.d4 d5 2.c4 c6 3.Nf3 e6 4.Qc2 dxc4 5.Qxc4 Nf6 6.g3 b5 7.Qc2
Bb7 8.Bg2 Nbd7 9.Bg5 c5 10.Bxf6 Qxf6 11.Nc3 a6 12.Ne4 Qe7 13.O-O
Rc8 14.Rac1 c4 15.Rfd1 g6 16.Ne5 Bg7 17.Nxd7 Bxe4 18.Qxe4 Qxd7
19.b3 O-O 20.bxc4 Rxc4 21.Rxc4 bxc4 22.e3 Qa4 23.Rc1 Qxa2 24.Bf1
a5 25.Bxc4 Qa3 26.Rc2 Qd6 27.Ba2 Rb8 28.h4 a4 29.h5 a3 30.Rc6
Qb4 31.Qf4 Rf8 32.hxg6 fxg6 33.Bxe6+ Kh8 0-1

[Event "16th Russian Club Cup, HL"]
[Site "Sochi RUS"]
[Date "2009.04.03"]
[Round "2.17"]
[White "Kabanov, Nikolai"]
[Black "Simonian, Hrair"]
[Result "1/2-1/2"]
[WhiteElo "2517"]
[BlackElo "2504"]
[Annotator ""]
[Source ""]
[Remark ""]

1.e4 c5 2.Nf3 e6 3.d4 cxd4 4.Nxd4 a6 5.Nc3 b5 6.Bd3 Bc5 7.Nb3
Be7 8.Qg4 g6 9.Qe2 Bb7 10.O-O h5 11.Bf4 Nf6 12.e5 Nd5 13.Nxd5
Bxd5 14.Be4 Bxe4 15.Qxe4 Nc6 16.c3 Qc7 17.h3 O-O 18.Rfd1 Rfd8
19.Rd6 Bxd6 20.exd6 Qb8 21.Rd1 e5 22.Bg5 Re8 23.Nc5 Ra7 24.Qd5
Kg7 25.Ne4 Re6 26.Be3 Ra8 27.Nc5 Qe8 28.Nxe6+ Qxe6 29.Qxe6 fxe6
30.Bg5 Rc8 31.Re1 Kf7 32.h4 Na5 33.Rxe5 Nc4 34.Re2 Rc6 35.Bf4
Nxd6 36.Rd2 Ke7 37.Rd3 Ne4 38.f3 Nc5 39.Rd2 d5 40.Kf2 1/2-1/2

[Event "16th Russian Club Cup, HL"]
[Site "Sochi RUS"]
[Date "2009.04.03"]
[Round "2.18"]
[White "Olenin, Nikolay"]
[Black "Genba, Vladimir"]
[Result "1/2-1/2"]
[WhiteElo "2325"]
[BlackElo "2441"]
[Annotator ""]
[Source ""]
[Remark ""]

1.e4 e5 2.Nf3 Nc6 3.d4 exd4 4.Nxd4 Nf6 5.Nxc6 bxc6 6.e5 Qe7 7.Qe2
Nd5 8.c4 Ba6 9.b3 g6 10.f4 f6 11.exf6 Qxe2+ 12.Bxe2 Bb4+ 13.Kd1
Nxf6 14.Bd2 Bxd2 15.Nxd2 c5 16.Bf3 O-O-O 17.Kc2 Bb7 18.Rae1 Rde8
19.g3 Bxf3 20.Nxf3 d6 21.Kd3 Kd7 22.Rxe8 Rxe8 23.Re1 Rxe1 24.Nxe1
Ke6 25.Nf3 Kf5 26.Ke3 Kg4 27.Ng5 h6 28.Ne6 Kh3 29.Nxc7 Ng4+ 30.Ke4
Nxh2 31.Nb5 Kxg3 32.Nxd6 Ng4 33.f5 g5 34.b4 h5 35.bxc5 h4 36.c6
h3 37.c7 h2 38.c8Q h1Q+ 39.Kd4 Qa1+ 40.Kd5 Qe5+ 41.Kc6 Nf6 42.Qe6
Kf4 43.Qxe5+ Kxe5 44.Nf7+ Kxf5 45.Nxg5 Kxg5 46.Kb7 a5 47.a4 Kf5
48.Kb6 Ke6 49.Kxa5 Kd6 50.Kb6 Nd7+ 51.Kb7 1/2-1/2

[Event "16th Russian Club Cup, HL"]
[Site "Sochi RUS"]
[Date "2009.04.03"]
[Round "2.20"]
[White "Zontakh, Andrey"]
[Black "Gasanov, Eldar"]
[Result "1-0"]
[WhiteElo "2581"]
[BlackElo "2439"]
[Annotator ""]
[Source ""]
[Remark ""]

1.d4 Nf6 2.c4 e6 3.Nf3 d5 4.g3 dxc4 5.Bg2 c5 6.O-O Nc6 7.Ne5
Bd7 8.Na3 cxd4 9.Naxc4 Be7 10.Qb3 Qc8 11.Bf4 O-O 12.Rfd1 Rd8
13.Rac1 Be8 14.Nxc6 bxc6 15.Be5 c5 16.Bxa8 Qxa8 17.e3 Bc6 18.exd4
Bh1 19.Ne3 Ng4 20.d5 c4 21.Qc3 Nxe3 22.fxe3 Rxd5 23.Rd2 Rd3 24.Qc2
Qe4 25.Bd4 h5 26.Rf2 h4 27.Qa4 Kh7 28.Qb5 f5 29.Qe8 Bg5 30.Qh5+
Bh6 31.Qxh4 Qxh4 32.gxh4 Bd5 33.Bxa7 Bxe3 34.Bxe3 Rxe3 35.a4
Kg6 36.a5 e5 37.a6 f4 38.a7 Rd3 39.Rfc2 f3 40.Rxc4 Kf5 41.Rc8
Rd2 42.R1c2 Rd1+ 43.Kf2 Ra1 44.R2c5 Bb7 45.Rb8 Be4 46.Re8 1-0

[Event "16th Russian Club Cup, HL"]
[Site "Sochi RUS"]
[Date "2009.04.03"]
[Round "2.21"]
[White "Rustemov, Alexander"]
[Black "Vysochin, Spartak"]
[Result "1/2-1/2"]
[WhiteElo "2520"]
[BlackElo "2543"]
[Annotator ""]
[Source ""]
[Remark ""]

1.d4 d5 2.c4 c6 3.Nf3 Nf6 4.Nc3 a6 5.cxd5 cxd5 6.Bf4 Nc6 7.Rc1
Bf5 8.Ne5 Rc8 9.e3 e6 10.Be2 Nxe5 11.Bxe5 Nd7 12.Bg3 Be7 13.O-O 1/2-1/2

[Event "16th Russian Club Cup, HL"]
[Site "Sochi RUS"]
[Date "2009.04.03"]
[Round "2.22"]
[White "Geller, Jakov"]
[Black "Gabrielian, Artur"]
[Result "1-0"]
[WhiteElo "2525"]
[BlackElo "2462"]
[Annotator ""]
[Source ""]
[Remark ""]

1.e4 c5 2.Nf3 d6 3.d4 cxd4 4.Nxd4 Nf6 5.Nc3 a6 6.Be3 e6 7.f3
b5 8.g4 h6 9.Qd2 Nbd7 10.O-O-O b4 11.Nce2 Ne5 12.Ng3 Qc7 13.h4
Nfd7 14.Kb1 Bb7 15.g5 hxg5 16.hxg5 Rxh1 17.Nxh1 d5 18.f4 Nc4
19.Bxc4 dxc4 20.g6 O-O-O 21.gxf7 c3 22.Qe2 Nc5 23.Nf2 Qxf7 24.Qc4
Qc7 25.Nxe6 Rxd1+ 26.Nxd1 Nxe6 27.Qxe6+ Qd7 28.Qc4+ Kb8 29.Nf2
cxb2 30.Nd3 a5 31.Bc5 Bxc5 32.Nxc5 Qd2 33.Kxb2 Qxf4 34.Nd7+ Ka8
35.Qc5 Bxe4 36.Qxa5+ Kb7 37.Nc5+ Kc8 38.Qa6+ Kb8 39.Qb5+ 1-0

[Event "16th Russian Club Cup, HL"]
[Site "Sochi RUS"]
[Date "2009.04.03"]
[Round "2.23"]
[White "Papin, Vasily"]
[Black "Slugin, Sergey"]
[Result "1/2-1/2"]
[WhiteElo "2462"]
[BlackElo "2439"]
[Annotator ""]
[Source ""]
[Remark ""]

1.e4 c6 2.d4 d5 3.f3 e6 4.Nc3 Bb4 5.Bf4 b6 6.Nge2 Ba6 7.Qd2 Nf6
8.Qe3 O-O 9.O-O-O Nbd7 10.g4 Bc4 11.Ng3 Bxf1 12.Rhxf1 b5 13.Nce2
Nb6 14.Kb1 Nc4 15.Qg1 a5 16.Nc1 Be7 17.Nd3 b4 18.Ne5 Nxe5 19.Bxe5
Nd7 20.Nh5 Nxe5 21.dxe5 g6 22.Ng3 a4 23.f4 Qa5 24.f5 b3 25.cxb3
axb3 26.axb3 Rfb8 27.Rd3 c5 28.fxg6 fxg6 29.Qf2 Rf8 30.Rf3 c4
31.Rxf8+ Rxf8 32.Qe3 Rxf1+ 33.Nxf1 d4 34.Qd2 Qxe5 35.bxc4 Qxe4+
36.Ka2 Qa8+ 37.Kb1 Qf3 38.Ng3 Qxg4 39.Qe2 Qxe2 40.Nxe2 d3 41.Nf4
Bd6 42.Nxe6 Bxh2 43.Kc1 Kf7 44.Nc5 Bf4+ 45.Kd1 d2 46.Ne4 h5 47.Nxd2
h4 48.Ne4 h3 49.Ke2 h2 1/2-1/2

[Event "16th Russian Club Cup, HL"]
[Site "Sochi RUS"]
[Date "2009.04.03"]
[Round "2.24"]
[White "Gladyszev, Oleg"]
[Black "Uzhva, Andrey"]
[Result "1/2-1/2"]
[WhiteElo "2434"]
[BlackElo "2306"]
[Annotator ""]
[Source ""]
[Remark ""]

1.d4 Nf6 2.c4 g6 3.Nc3 d5 4.cxd5 Nxd5 5.e4 Nxc3 6.bxc3 Bg7 7.Nf3
c5 8.Rb1 O-O 9.Be2 b6 10.O-O Bb7 11.Qd3 Ba6 12.Qe3 Qd7 13.dxc5
Bxe2 14.Qxe2 bxc5 15.Qc4 Qc6 16.Be3 Nd7 17.Rfd1 Rfc8 18.Qb5 Qxb5
19.Rxb5 Nb6 20.Rxc5 Bxc3 21.Rc1 Rxc5 22.Bxc5 Bb2 23.Rd1 e6 24.g3
Rc8 25.Be3 h5 26.Rb1 Nc4 27.Bxa7 Ra8 28.Nd2 Rxa7 29.Nxc4 Bg7
30.a3 Bf8 31.Rb3 Bc5 32.e5 Ra4 33.Rc3 Bd4 34.Rc2 Kg7 35.Kf1 Bc5
36.Rc3 Bd4 37.Rc2 Bc5 38.Nd6 Bxd6 39.exd6 Rxa3 40.Ke2 Kf6 41.f4
Ra8 42.Kf3 e5 43.d7 Rd8 44.Rc6+ Ke7 1/2-1/2

[Event "16th Russian Club Cup, HL"]
[Site "Sochi RUS"]
[Date "2009.04.03"]
[Round "2.25"]
[White "Drozdovskil, Yuri"]
[Black "Landa, Konstantin"]
[Result "1/2-1/2"]
[WhiteElo "2603"]
[BlackElo "2627"]
[Annotator ""]
[Source ""]
[Remark ""]

1.d4 Nf6 2.c4 e6 3.Nc3 Bb4 4.Qc2 d5 5.a3 Bxc3+ 6.Qxc3 Ne4 7.Qc2
c5 8.dxc5 Nc6 9.cxd5 exd5 10.Nf3 Qf6 11.e3 Bg4 12.Be2 O-O 13.Bd2
Rfc8 14.Bc3 1/2-1/2

[Event "16th Russian Club Cup, HL"]
[Site "Sochi RUS"]
[Date "2009.04.03"]
[Round "2.26"]
[White "Khenkin, Igor"]
[Black "Nikolenko, Oleg"]
[Result "1-0"]
[WhiteElo "2630"]
[BlackElo "2524"]
[Annotator ""]
[Source ""]
[Remark ""]

1.d4 Nf6 2.c4 g6 3.Nc3 d5 4.cxd5 Nxd5 5.e4 Nxc3 6.bxc3 Bg7 7.Be3
c5 8.Nf3 Qa5 9.Qd2 Nc6 10.Rb1 a6 11.Rc1 cxd4 12.cxd4 Qxd2+ 13.Kxd2
f5 14.e5 Be6 15.Bc4 Bxc4 16.Rxc4 O-O 17.h3 h6 18.h4 Rad8 19.Rb1
Rd7 20.Ke2 e6 21.Rb6 Kf7 22.Ne1 Rfd8 23.Nd3 Bf8 24.Rcxc6 bxc6
25.Rxc6 Re8 26.Nf4 g5 27.hxg5 hxg5 28.Nh3 Be7 29.Kd3 g4 30.Nf4
Bg5 31.Ne2 Bd8 32.Nf4 Bg5 33.Ne2 Bd8 34.Rxa6 Ree7 35.Bg5 Re8
36.Be3 Ree7 37.Bg5 Re8 38.Bd2 Rb7 39.Bc3 Ree7 40.d5 exd5 41.Nf4
Ra7 42.Rh6 Ra3 43.e6+ Rxe6 44.Rxe6 d4 45.Kxd4 Bf6+ 46.Rxf6+ Kxf6
47.Nd5+ Ke6 48.Nb4 Kd6 49.Kc4 Ke6 50.Bb2 Ra8 51.Kb3 Rd8 52.Bc1
Rd1 53.Be3 Rb1+ 54.Kc4 Ra1 55.Bd4 Rc1+ 56.Kb5 Rd1 57.Be3 Kd7
58.a4 Kc7 59.a5 Kb7 60.a6+ Ka8 61.Kc4 Rd6 62.Nd5 Rd8 63.Nc7+
Kb8 64.Bb6 1-0

[Event "16th Russian Club Cup, HL"]
[Site "Sochi RUS"]
[Date "2009.04.03"]
[Round "2.27"]
[White "Mozharov, Mikhail"]
[Black "Rakhmanov, Aleksandr"]
[Result "0-1"]
[WhiteElo "2475"]
[BlackElo "2543"]
[Annotator ""]
[Source ""]
[Remark ""]

1.d4 Nf6 2.c4 g6 3.Nc3 d5 4.e3 Bg7 5.Qb3 e6 6.Qa3 Nc6 7.Nf3 Ne7
8.Be2 O-O 9.O-O b6 10.Bd2 Bb7 11.cxd5 Nexd5 12.Rac1 Qd6 13.Nxd5
Nxd5 14.Qxd6 cxd6 15.Bb5 Rac8 16.Rxc8 Rxc8 17.Rc1 Rxc1+ 18.Bxc1
f5 19.Ng5 Bf6 20.e4 Bxg5 21.Bxg5 fxe4 22.Bc4 Kf7 23.Bxd5 Bxd5
24.a3 Bc4 25.f3 exf3 26.gxf3 Ke8 27.Kf2 Kd7 28.Ke3 Bb3 29.Bf4
Bd1 30.Bg3 Kc6 31.Bf4 Kd5 32.Bg3 g5 33.Kf2 a6 34.Ke3 b5 35.Kf2
h6 36.Ke3 h5 37.b4 Bc2 38.Kd2 Bg6 39.Bf2 Kc4 40.Be3 Bf5 41.Bxg5
Kxd4 42.Be7 d5 43.Bf6+ Kc4 44.Ke3 Kb3 45.Kd2 Kxa3 46.Kc3 Ka4
47.Be5 a5 48.bxa5 b4+ 49.Kd4 Kxa5 50.Bd6 Ka4 51.Bc5 b3 52.Kc3
e5 53.Kb2 d4 54.Bd6 d3 0-1